00361nam a2200133Ia 4500008004100000020001100041040001600052041001200068082001800080100001900098245006300117260003600180300001100216230917s9999||||xx |||||||||||||| ||und|| cRS0.36 e12298aMAIN aEnglish a301.4443 A33J aArens, Jenneke 0aJhagrapur: Poor peasants and women:A village in Bangladesh aNew DelhibOrient Langmanc1977 a211 p.